000 00270nam a22001217a 4500
008 170622b xxu||||| |||| 00| 0 eng d
041 _aeng
080 _a94(7/8)
100 _a18
101 _aSHH
245 _aA HISTORY LATIN AMERICA
_cHERRING.H
942 _2udc
_cBK
999 _c18787
_d18787